[Event "FSV-ch 2010"]
[Site "Dortmund"]
[Date "2010.05.27"]
[Round "6.3"]
[White "Jost, Udo"]
[Black "Lauche, Christoph"]
[Result "0-1"]
[WhiteElo "1759"]
[BlackElo "1925"]
[PlyCount "74"]
[EventDate "2010.??.??"]

1. e4 c5 2. Nc3 Nc6 3. g3 g6 4. d3 Bg7 5. Bd2 e6 6. Bg2 Nge7 7. Nge2 d5 8. Qc1
Nd4 9. Nf4 dxe4 10. dxe4 Bd7 11. O-O Bc6 12. Re1 O-O 13. Nd1 e5 14. Nh3 Qd7 15.
Ng5 Rad8 16. c3 Nb5 17. Nf3 Nd6 18. Bh6 f6 19. Bxg7 Kxg7 20. Qc2 b5 21. Nh4 Qb7
22. f4 g5 23. fxe5 fxe5 24. Nf5+ Ndxf5 25. exf5 Bxg2 26. Qxg2 Qxg2+ 27. Kxg2
Rd2+ 28. Kh3 Rxf5 29. Ne3 Rf8 30. Nf1 Rxb2 31. Rxe5 Kf6 32. Rae1 Ng6 33. Re6+
Kg7 34. Kg4 Rxa2 35. Kxg5 Ra4 36. g4 h6+ 37. Kh5 Nf4+ 0-1

[Event "FSV-ch 2010"]
[Site "Dortmund"]
[Date "2010.05.27"]
[Round "6.4"]
[White "Kropp, Andreas J"]
[Black "Völler, Lothar"]
[Result "1-0"]
[WhiteElo "1975"]
[BlackElo "1544"]
[PlyCount "27"]
[EventDate "2010.??.??"]

1. d4 f5 2. Nc3 e6 3. e4 fxe4 4. Nxe4 Nf6 5. Bd3 Be7 6. Nf3 O-O 7. Qe2 Nc6 8.
h4 Nb4 9. Nxf6+ Bxf6 10. Bxh7+ Kxh7 11. Ng5+ Bxg5 12. hxg5+ Kg8 13. g6 Qf6 14.
Rh8+ 1-0

[Event "FSV-ch 2010"]
[Site "Dortmund"]
[Date "2010.05.27"]
[Round "6.5"]
[White "Bommert, Christian"]
[Black "Borjini, Faouzi"]
[Result "1-0"]
[WhiteElo "1745"]
[BlackElo "1915"]
[PlyCount "64"]
[EventDate "2010.??.??"]

1. e4 c5 2. Nc3 Nc6 3. Bb5 Nd4 4. Bc4 g6 5. Nf3 Bg7 6. Nxd4 cxd4 7. Qf3 e6 8.
Nb5 d6 9. Qa3 Be5 10. O-O a6 11. f4 axb5 12. Qxa8 bxc4 13. fxe5 dxe5 14. Qa4+
Bd7 15. Qxc4 Ne7 16. Qc5 ({
Weiss steht so oder so auf Gewinn. Weit logischer als der Partiezug war aber} 
16. d3 $1 {um so schnell wie moeglich die Schwaeche der schwarzen Felder im
gegnerischen Lager auszunutzen, z.B.} 16... Nc6 (16... f5 17. Bg5 Qb6 18. a4
Nc6 19. a5 Nxa5 20. Qa2 Nc6 21. Qa8+ Nd8 22. Qa3 Nc6 23. Qd6 {usw.}) 17. b4 O-O
18. b5 Na5 19. Qc5 f6 20. Bh6 Rf7 21. Bd2 b6 22. Bxa5 bxa5 23. b6 {usw.}) 16...
Nc6 17. a4 Qa5 18. Qd6 Qb4 19. Qc7 d3 20. c3 Qxe4 21. b4 Qd5 22. b5 O-O 23.
bxc6 Bxc6 24. Rf2 f5 25. Ba3 Rf7 26. Qb8+ Kg7 27. Bd6 e4 28. Be5+ Kh6 29. Bd4
g5 30. Qg8 e5 31. Bxe5 f4 32. h4 gxh4 {und Schwarz gab sich nach wenigen
weiteren, nicht zu rekonstruierenden Zuegen gewschlagen ...} 1-0

[Event "FSV-ch 2010"]
[Site "Dortmund"]
[Date "2010.05.27"]
[Round "6.6"]
[White "Milonas, Georgios"]
[Black "Hillebrand, Carsten"]
[Result "1/2-1/2"]
[WhiteElo "1505"]
[BlackElo "1857"]
[PlyCount "56"]
[EventDate "2010.??.??"]

1. e4 c5 2. Nf3 d6 3. d4 cxd4 4. Nxd4 Nf6 5. Nc3 a6 6. Be2 e5 7. Nb3 Be7 8. O-O
O-O 9. Kh1 Qc7 10. g4 Be6 11. g5 Nfd7 12. Bg4 Re8 13. a4 b6 14. Nd5 Bxd5 15.
Qxd5 Ra7 16. c3 Nc5 17. Be3 Nxb3 18. Qxb3 Rb7 19. Qd5 Qc6 20. Qd3 b5 21. a5 Qc4
22. Qc2 b4 23. Be2 Qc6 24. c4 Nd7 25. b3 Nc5 26. Bf3 Ne6 27. Qd2 Nc5 28. Qc2
Ne6 {(=)} 1/2-1/2

[Event "FSV-ch 2010"]
[Site "Dortmund"]
[Date "2010.05.27"]
[Round "6.7"]
[White "Dite, Alexander"]
[Black "Zelt, Jens"]
[Result "0-1"]
[WhiteElo "1617"]
[BlackElo "2012"]
[PlyCount "80"]
[EventDate "2010.??.??"]

1. d4 f5 2. g3 Nf6 3. Bg2 c6 4. Nf3 g6 5. O-O Bg7 6. c4 O-O 7. Nc3 d6 8. Qc2
Na6 9. b3 Qc7 10. Ba3 Re8 11. e4 Qa5 12. Bb2 Nb4 13. Qe2 fxe4 14. Nxe4 Nxe4 15.
Qxe4 Bf5 16. Qe2 Nd3 17. Nh4 Nxb2 18. Nxf5 Qxf5 19. Qxb2 c5 20. Rad1 Qd7 21.
Qe2 Bxd4 22. Qe4 Rab8 23. Rfe1 e5 24. Re2 Rf8 25. Rf1 Kg7 26. Kh1 Rf7 27. Qc2
h5 28. Be4 Rf6 29. f3 Rbf8 30. Kg2 g5 31. Qc1 Kh6 32. h4 Rg8 33. hxg5+ Rxg5 34.
Rh1 Rf4 35. Kh2 Rf8 36. Kg2 Qe8 37. Ree1 Rf4 38. Re2 Qg8 39. Qe1 h4 40. g4
Rgxg4+ 0-1

[Event "FSV-ch 2010"]
[Site "Dortmund"]
[Date "2010.05.27"]
[Round "6.8"]
[White "Behler, Nils"]
[Black "Stukemeier, Ralf"]
[Result "0-1"]
[WhiteElo "1768"]
[BlackElo "1799"]
[PlyCount "68"]
[EventDate "2010.??.??"]

1. e4 e5 2. Nf3 Nc6 3. Bc4 Nf6 4. d3 Be7 5. Nc3 d6 6. h3 Be6 7. Bb3 O-O 8. O-O
Qd7 9. Kh2 Nd8 10. d4 exd4 11. Nxd4 Bxb3 12. Nxb3 Re8 13. Bg5 Ne6 14. f4 Qc6
15. Qf3 h6 16. Bh4 Nxe4 17. Bxe7 Nxc3 18. Bxd6 Qxd6 19. bxc3 Rad8 20. Rad1 Qb6
21. Rde1 a5 22. a4 Nc5 23. Rb1 Nxa4 24. Ra1 Re3 25. Qg4 Nxc3 26. Nxa5 Qb4 27.
Nb3 Rde8 28. Qd7 Qe4 29. Qxc7 Re2 30. Rg1 Nd5 31. Qxb7 Qxf4+ 32. Kh1 Ne3 33.
Qf3 Qxf3 34. gxf3 Nxc2 0-1

[Event "FSV-ch 2010"]
[Site "Dortmund"]
[Date "2010.05.27"]
[Round "6.9"]
[White "Volmer, Martin"]
[Black "Sonntag, Joachim"]
[Result "0-1"]
[WhiteElo "1680"]
[BlackElo "1783"]
[PlyCount "78"]
[EventDate "2010.??.??"]

1. d4 d5 2. c4 c6 3. Nf3 Nf6 4. Nc3 e6 5. cxd5 exd5 6. Bg5 Nbd7 7. e3 Qa5 8.
Bd3 Ne4 9. Qc2 Nxg5 10. Nxg5 g6 11. O-O Be7 12. Nf3 O-O 13. e4 dxe4 14. Nxe4
Nf6 15. Nc5 Qc7 16. Rfe1 Bg4 17. Ne5 Rad8 18. h3 Bc8 19. Nb3 Nd5 20. a3 Nf4 21.
Be4 Be6 22. Rad1 Bd5 23. Bxd5 Rxd5 24. Qe4 Ne6 25. Nxf7 Rxf7 26. Qxe6 Qf4 27.
Qe3 Qf5 28. g4 Qf6 29. Re2 Bd6 30. Qe4 Re7 31. Qd3 Rf7 32. Re8+ Kg7 33. Qe3 Bf4
34. Qe2 h5 35. Re6 Qh4 36. Qc2 Rg5 37. d5 Bh2+ 38. Kh1 Qxh3 39. Re3 Bg3+ 0-1

[Event "FSV-ch 2010"]
[Site "Dortmund"]
[Date "2010.05.27"]
[Round "6.10"]
[White "Rzoczek, Christoph"]
[Black "Skalweit, Wolfgang"]
[Result "1-0"]
[WhiteElo "1527"]
[BlackElo "1377"]
[PlyCount "83"]
[EventDate "2010.??.??"]

1. e4 e5 2. Nf3 Nf6 3. d4 d6 4. dxe5 Nxe4 5. Qd5 Nc5 6. b4 Be6 7. Qd4 Ncd7 8.
exd6 cxd6 9. Bb5 Nc6 10. Bxc6 bxc6 11. O-O Nb6 12. Re1 Qd7 13. Nbd2 h6 14. a4
Rg8 15. Ne4 Be7 16. Qd3 Nd5 17. Bd2 Rb8 18. b5 c5 19. c4 Nb6 20. Bf4 Nxc4 21.
Qc3 Rc8 22. Rad1 d5 23. Ne5 Nxe5 24. Bxe5 f6 25. Bg3 Kf7 26. h3 Qb7 27. Nd2 Qb6
28. Qf3 Rgd8 29. Re2 Bd6 30. Qh5+ g6 31. Qxh6 Bxg3 32. Qh7+ Kf8 33. fxg3 Rc7
34. Qh8+ Bg8 35. Nc4 Rh7 36. Qxh7 Bxh7 37. Nxb6 axb6 38. Re6 Rb8 39. Rxf6+ Ke7
40. Rdf1 Bg8 41. Rxg6 Kd7 42. Rff6 1-0

[Event "FSV-ch 2010"]
[Site "Dortmund"]
[Date "2010.05.27"]
[Round "6.11"]
[White "Raszelenberg, Patrick"]
[Black "Dieckmann, Rudolf"]
[Result "0-1"]
[WhiteElo "1733"]
[BlackElo "1560"]
[PlyCount "98"]
[EventDate "2010.??.??"]

1. e4 c5 2. Nf3 Nc6 3. d4 cxd4 4. Nxd4 e5 5. Nxc6 bxc6 6. c4 Nf6 7. Qc2 Qb6 8.
Bd3 Bc5 9. O-O a5 10. Nc3 Bd4 11. Na4 Qa7 12. c5 Rb8 13. Bg5 Ba6 14. Bxa6 Qxa6
15. Rad1 Rb4 16. b3 Rb5 (16... Nxe4 $5 17. Be3 (17. Qxe4 $4 Bxf2+) 17... Bxe3
18. fxe3 Qa7 19. a3 Rxa4 20. bxa4 Nxc5 {
und Schwarz haette Kompensation fuer die geopferte Qualitaet.}) 17. Bxf6 gxf6
18. Qc4 Qa7 19. Rxd4 $5 Rb4 (19... exd4 $2 20. Qxd4) 20. Rxd7 $2 (20. Rd6 $1
Rxc4 21. bxc4 Ke7 22. Nb6 Rd8 23. a4 {
und die schwarze Dame waere dauerhaft vom Spiel ausgeschlossen.}) 20... Qxd7
21. Qa6 O-O 22. Qxa5 Rxe4 23. Nb6 Qd3 24. Nc4 Rg4 25. Qc7 Qe4 $2 (25... Rxg2+
26. Kxg2 Kh8 27. Ne3 Qe4+ 28. f3 Qxe3 29. Qxc6 Qe2+ 30. Rf2 Rg8+ 31. Kh3 Qxf2
32. Qxf6+ Rg7 33. Qd8+ Rg8 34. Qf6+ {nebst Dauerschach}) (25... Qf3 $1 26. Ne3
(26. g3 h5 27. Na5 h4 28. Qxc6 Re4 29. Qd7 f5 30. Qd1 Re2 {und Schwarz gewinnt.
}) 26... Rg6 27. Qe7 h5 $40) 26. f3 Qd4+ 27. Kh1 Rg6 28. Qxc6 f5 29. Nd6 Qb2 ({
Schwarz bemerkt augenscheinlich nicht, dass er sich mittels} 29... e4 $1 {
einen fuer den Gegner sehr unangenehmen Freibauern haette schaffen koennen,denn
} 30. fxe4 fxe4 31. Qxe4 {scheitert an} 31... Rxd6 $1 {Nach weiterem} 32. Qxd4
Rxd4 {waeren die drei Freibauern am Damenfluegel noch nicht gefaehrlich genug,
um Weiss retten zu koennen, z.B.} 33. Rc1 Rfd8 34. Kg1 (34. h3 Rd1+ 35. Rxd1
Rxd1+ 36. Kh2 Ra1 $19) 34... Rd1+ 35. Rxd1 Rxd1+ 36. Kf2 Rd2+ 37. Ke3 Rxa2 38.
Kd4 Kf8 $19) ({Weiss muesste nach} 29... e4 30. fxe4 fxe4 {
sein Heil auf andere Weise suchen:} 31. h3 f5 32. b4 f4 33. Rg1 (33. Qxe4 Rxd6
34. Qxd4 Rxd4 35. Rb1 Kf7 36. b5 Ke6 {Die weissen Freibauern sind unter
Kontrolle gebracht und werden allmaehlich Opfer der konzertierten schwarzen
Figuren.})) 30. Rg1 Qxa2 31. b4 Rb8 ({Auf} 31... Ra8 {folgt einfach} 32. h3 ({
aber nicht} 32. b5 $4 {wegen} 32... Qxg2+ $1 33. Rxg2 Ra1+ 34. Rg1 Raxg1#)) 32.
b5 e4 {Ein verzweifelter Versuch, das Spiel zu komplizieren. Wenn Schwarz
keine Luecke in der gegnerischen Stellug findet, nutzt ihm seine Mehrqualitaet
rein gar nichts ...} 33. fxe4 f4 (33... fxe4 34. Qxe4 Qf2 35. Qd5 Re6) 34. e5
h5 35. b6 Kh7 36. b7 Rbg8 {Es droht der Einschlag auf g2 nebst Dauerschach ...}
37. Qe4 (37. Qf3 $1) 37... Kh8 38. h3 Qf2 39. Nxf7+ Kg7 40. e6 Qxc5 41. Qxf4 (
41. e7 $1 Qe3 (41... Kxf7 42. Re1 $18) 42. Qxe3 fxe3 43. b8=Q $1 Rxb8 44. Nd8
$1 Re6 45. Nxe6+ Kf7 46. Nd4 $18) 41... Qb6 42. Qe5+ Kh7 43. Qxh5+ Kg7 44. Qe5+
Kh7 45. Nd6 Qb3 46. Qh5+ Rh6 47. Qf5+ Rgg6 48. Rb1 Qg3 49. Qxg6+ $4 {Huch!!!}
49... Rxg6 {und Weiss gab auf.} 0-1

[Event "FSV-ch 2010"]
[Site "Dortmund"]
[Date "2010.05.10"]
[Round "6.12"]
[White "Campana, Rafael"]
[Black "Gennat, Egon L"]
[Result "1-0"]
[WhiteElo "1690"]
[BlackElo "1338"]
[PlyCount "66"]
[EventDate "2010.??.??"]

1. d4 Nf6 2. c4 g6 3. Nf3 Bg7 4. Nc3 O-O 5. e4 d6 6. h3 Nbd7 7. Bd3 c5 8. d5 a6
9. Be3 Ne8 10. Qd2 Ne5 11. Nxe5 Bxe5 12. f4 Bg7 13. g4 Qa5 14. Rc1 Bd7 15. O-O
b5 16. b3 Rb8 17. Rf2 Nf6 18. f5 Rfc8 19. Rg2 bxc4 20. bxc4 Rb7 21. h4 Rcb8 22.
Qe1 Rb2 23. Bd2 Qa3 24. h5 Ne8 25. g5 Bxc3 26. Bxc3 Rxg2+ 27. Kxg2 Qxa2+ 28.
Rc2 Qb1 29. Qe2 Qb7 30. fxg6 hxg6 31. Qf3 Ng7 32. Rf2 Rf8 33. hxg6 fxg6 1-0

[Event "FSV-ch 2010"]
[Site "Dortmund"]
[Date "2010.05.27"]
[Round "6.13"]
[White "Gerke, Dieter"]
[Black "Grube, Jörg"]
[Result "0-1"]
[WhiteElo "1510"]
[BlackElo "1804"]
[PlyCount "78"]
[EventDate "2010.??.??"]

1. d4 d5 2. Nf3 e6 3. c4 c6 4. Qc2 f5 5. Bf4 Nf6 6. e3 Bd6 7. Bxd6 Qxd6 8. c5
Qc7 9. b4 O-O 10. Bd3 Bd7 11. Nc3 Be8 12. a4 Nbd7 13. Ng5 Bf7 14. Nf3 Ne4 15.
Bxe4 fxe4 16. Nd2 Bh5 17. Qa2 Rf6 18. Ndxe4 dxe4 19. Nxe4 Rh6 20. Nd6 Rf8 21.
f4 Nf6 22. Qxe6+ Kh8 23. Qf5 Bg6 24. Qe5 Ng4 25. Qe6 Nxh2 26. Kd2 Qd8 27. f5
Bh5 28. Qe5 Ng4 29. Qf4 Nf6 30. e4 g5 31. Qe5 Kg8 32. Ra3 Ne8 33. g4 Rxd6 34.
cxd6 Nxd6 35. Qe6+ Bf7 36. Qh6 Nxe4+ 37. Ke3 Nf6 38. Qxg5+ Kh8 39. Rh6 Nd5+ 0-1

[Event "FSV-ch 2010"]
[Site "Dortmund"]
[Date "2010.05.27"]
[Round "6.14"]
[White "Benke, Werner"]
[Black "Weischer, Wolfgang"]
[Result "0-1"]
[WhiteElo "1525"]
[BlackElo "1616"]
[PlyCount "112"]
[EventDate "2010.??.??"]

1. e4 c5 2. Nf3 e6 3. d4 cxd4 4. Nxd4 Bc5 5. Nb3 Bb6 6. Be2 Qh4 7. O-O Qxe4 8.
Nc3 Qe5 9. Re1 Qf5 10. Bf3 Ne7 11. Ne4 Bc7 12. Nd4 Qa5 13. a4 Be5 14. Nb3 Qc7
15. g3 d5 16. Nec5 b6 17. Nd3 Bd6 18. Nd4 a6 19. Bf4 Bxf4 20. gxf4 O-O 21. Ne5
Nd7 22. Qd2 Bb7 23. c3 Nc6 24. Qe3 Rac8 25. h3 Nf6 26. Kh2 Ne7 27. Rg1 Ng6 28.
Ng4 Ne8 29. Ne5 Kh8 30. Nxg6+ hxg6 31. Rg4 Qe7 32. Rag1 Nf6 33. R4g2 Rfe8 34.
Kh1 Kg8 35. Re1 Qc7 36. Rgg1 Bc6 37. Bd1 Ne4 38. Bc2 Nd6 39. Qf3 Nf5 40. Qd3
Qxf4 41. Nxc6 Rxc6 42. Rgf1 a5 43. Kg1 Rec8 44. Kh1 Nd6 45. Re3 Qc4 46. Qd1 Nf5
47. Rd3 Qe4+ 48. Rf3 Qh4 49. Bd3 e5 50. Bxf5 gxf5 51. Qxd5 Rc5 52. Qd2 g5 53.
Rg1 f6 54. Rd3 Rd5 55. Rgg3 Qe4+ 56. Rgf3 Rcd8 0-1

[Event "FSV-ch 2010"]
[Site "Dortmund"]
[Date "2010.05.27"]
[Round "6.15"]
[White "Tekin, Baran"]
[Black "Krüger, Georg"]
[Result "0-1"]
[WhiteElo "1269"]
[BlackElo "1578"]
[PlyCount "20"]
[EventDate "2010.??.??"]

1. d4 Nf6 2. c4 g6 3. Nc3 d5 4. e3 Bg7 5. Nf3 O-O 6. Bd3 c5 7. cxd5 Nxd5 8.
Nxd5 Qxd5 9. Bc2 cxd4 10. Nxd4 Qxg2 0-1

[Event "FSV-ch 2010"]
[Site "Dortmund"]
[Date "2010.05.27"]
[Round "6.16"]
[White "Reinacher, Detlev"]
[Black "Herrmann, Rudolf"]
[Result "1-0"]
[WhiteElo "1572"]
[BlackElo "1228"]
[PlyCount "81"]
[EventDate "2010.??.??"]

1. d3 d5 2. g3 Nf6 3. Bg2 Bg4 4. Nf3 e6 5. c3 Be7 6. Nbd2 O-O 7. O-O c5 8. Qc2
Nc6 9. a3 Qc7 10. b3 Ne5 11. Bb2 Rab8 12. e4 Nxf3+ 13. Nxf3 Bxf3 14. Bxf3 Rfd8
15. exd5 Nxd5 16. c4 Nf6 17. Rfd1 Rd7 18. Rd2 Ne8 19. Rad1 Bf6 20. d4 Bxd4 21.
Bxd4 Rxd4 22. Rxd4 cxd4 23. Rxd4 Nf6 24. b4 b6 25. Qd2 h6 26. h4 Qe5 27. g4 h5
28. g5 Ng4 29. Bxg4 hxg4 30. h5 Qf5 31. Qf4 Rb7 32. Qxg4 Qxg4+ 33. Rxg4 Rc7 34.
g6 a5 35. Rd4 Rc8 36. Rd6 axb4 37. axb4 Rb8 38. c5 bxc5 39. bxc5 Kf8 40. c6
fxg6 41. c7 1-0

[Event "FSV-ch 2010"]
[Site "Dortmund"]
[Date "2010.06.10"]
[Round "6.17"]
[White "Kirmes, Hans-Uwe"]
[Black "Beckers, Jürgen"]
[Result "1/2-1/2"]
[WhiteElo "1338"]
[BlackElo "1329"]
[PlyCount "50"]
[EventDate "2010.??.??"]

1. f4 d5 2. Nf3 Nc6 3. e3 Nf6 4. Bb5 Bd7 5. Bxc6 Bxc6 6. O-O e6 7. b3 Bd6 8.
Bb2 O-O 9. Qe1 Be7 10. Ne5 Qe8 11. d3 b6 12. Rf3 Bb7 13. Rh3 Nd7 14. Nxd7 Qxd7
15. Qg3 f6 16. Qh4 h6 17. Qg3 Kh7 18. Nd2 Qe8 19. Qg4 Bc8 20. Rg3 Rg8 21. Qf3
c5 22. e4 d4 23. e5 Bd7 24. exf6 gxf6 25. Rxg8 Qxg8 1/2-1/2

[Event "FSV-ch 2010"]
[Site "Dortmund"]
[Date "2010.05.27"]
[Round "6.18"]
[White "Raabe, Hans-Ulrich"]
[Black "Wickenfeld, Udo"]
[Result "1-0"]
[WhiteElo "1424"]
[BlackElo "1231"]
[PlyCount "35"]
[EventDate "2010.??.??"]

1. e4 c5 2. Nf3 d6 3. Bb5+ Nc6 4. Nc3 Bd7 5. d4 cxd4 6. Nxd4 Nf6 7. O-O e6 8.
Nxc6 Bxc6 9. Re1 Qc7 10. Bf4 Be7 11. e5 Nd5 12. exd6 Bxd6 13. Nxd5 Qd8 14.
Bxc6+ bxc6 15. Bxd6 cxd5 16. Qxd5 Rb8 17. Rxe6+ fxe6 18. Qxe6+ 1-0

[Event "FSV-ch 2010"]
[Site "Dortmund"]
[Date "2010.05.27"]
[Round "6.19"]
[White "Hast, Stefan"]
[Black "Tautz, Eugen"]
[Result "0-1"]
[WhiteElo "1246"]
[BlackElo "1397"]
[PlyCount "36"]
[EventDate "2010.??.??"]

1. e4 c5 2. Nf3 Nc6 3. Bb5 Qc7 4. Nc3 e6 5. Bxc6 Qxc6 6. Ne5 Qc7 7. Nf3 a6 8.
O-O Bd6 9. d3 b5 10. Ne2 Bb7 11. g3 Be7 12. Bf4 d6 13. Qd2 h6 14. Qc3 Nf6 15.
e5 Bxf3 16. exf6 Bxf6 17. d4 Bxe2 18. Qe3 Bxf1 0-1

[Event "FSV-ch 2010"]
[Site "Dortmund"]
[Date "2010.06.14"]
[Round "6.20"]
[White "Haufe, Sven"]
[Black "Strotmann, Dieter"]
[Result "1-0"]
[WhiteElo "1397"]
[BlackElo "1214"]
[PlyCount "59"]
[EventDate "2010.??.??"]

1. d4 Nf6 2. Bg5 e6 3. e4 Be7 4. Bd3 d6 5. Nf3 h6 6. Bh4 Nbd7 7. O-O b6 8. c4
Bb7 9. d5 exd5 10. exd5 Nc5 11. Bxf6 Bxf6 12. Re1+ Kf8 13. Nc3 Nxd3 14. Qxd3
Qd7 15. Re2 g6 16. Rae1 Kg7 17. Ne4 Qf5 18. Qd2 Be7 19. Ng3 Qf6 20. Rxe7 Rac8
21. Rd7 Ba6 22. Ree7 Rhf8 23. Rxc7 Bxc4 24. Qd4 Qxd4 25. Nxd4 Bxd5 26. b3 a6
27. f3 Rfe8 28. Rxe8 Rxc7 29. Kf2 b5 30. Rd8 1-0

[Event "FSV-ch 2010"]
[Site "Dortmund"]
[Date "2010.05.27"]
[Round "6.21"]
[White "Schlepütz, Volker"]
[Black "Vogt, Christian"]
[Result "1/2-1/2"]
[WhiteElo "1152"]
[BlackElo "1393"]
[PlyCount "101"]
[EventDate "2010.??.??"]

1. c4 Nf6 2. d4 g6 3. Nc3 d5 4. cxd5 Nxd5 5. e4 Nxc3 6. bxc3 Bg7 7. Nf3 O-O 8.
Be2 c5 9. O-O Nc6 10. Be3 Qa5 11. Qb3 a6 12. Rac1 cxd4 13. cxd4 Bg4 14. Rfd1
Rab8 15. d5 Ne5 16. Bb6 Bxf3 17. Bxa5 Bxe2 18. Rd2 Bg4 19. Rc7 b5 20. a3 Bh6
21. Rdc2 Bd1 22. Bc3 Bxc2 23. Qxc2 Nc4 24. Bb4 Rfc8 25. Rxc8+ Rxc8 26. Bxe7 Nb6
27. Bc5 Na4 28. g3 Rxc5 29. Qd3 Rc3 30. Qd4 Rc1+ 31. Kg2 Nc5 32. Qe5 Nd3 33.
Qe8+ Bf8 34. d6 Rc2 35. d7 Rxf2+ 36. Kh3 Re2 37. Qxf8+ Kxf8 38. d8=Q+ Kg7 39.
Qxd3 Ra2 40. Qd4+ Kg8 41. Qb4 Rc2 42. Qa5 Rc6 43. Qd8+ Kg7 44. Qd4+ Kg8 45. Qd3
Rc4 46. e5 Rc6 47. Qd8+ Kg7 48. Qd7 Re6 49. Qd5 Rb6 50. Qd8 Re6 51. Qd5 {
(=) Ein unbegruendetes Remisangebot, das Schwarz natuerlich prompt annimmt.} (
51. Qd5 Rb6 52. Kg4 {Waehrend Schwarz nichts tun kann ausser abzuwarten,
wandert der weisse Koenig zur anderen Brettseite. Anschliessend opfert Weiss
die Dame gegen den Turm, um zu guter Letzt ueber die beiden schwarzen
Damenfluegelbauern herzufallen. Am Ende gewinnt der Bauer a3 die Partie, z.B.}
52... Re6 (52... b4 53. Qc5 Rb5 54. Qd4 b3 55. e6+) (52... a5 53. Kf4) 53. Kf4
Re8 54. Ke4 Re6 55. Kd4 Rb6 56. Kc5 Re6 57. Qxe6 ({Oder einfach} 57. Qd6) 57...
fxe6 58. Kb6 $18) 1/2-1/2

[Event "FSV-ch 2010"]
[Site "Dortmund"]
[Date "2010.05.27"]
[Round "6.22"]
[White "Maffei, Hendrik"]
[Black "Rabe, Mark"]
[Result "1-0"]
[WhiteElo "1311"]
[BlackElo "1028"]
[PlyCount "131"]
[EventDate "2010.??.??"]

1. Nf3 Nf6 2. g3 g6 3. d4 d5 4. Nc3 c6 5. Bg5 Bg7 6. Qd2 h6 7. Bxf6 Bxf6 8. h4
b5 9. O-O-O a5 10. e3 a4 11. Bxb5 cxb5 12. Nxb5 Qb6 13. Na3 Nc6 14. c3 Bf5 15.
Ne5 Rc8 (15... Bxe5 16. dxe5 Nb4 $1 $19) 16. f3 Nb4 17. e4 Nxa2+ 18. Kb1 Nxc3+
19. Ka1 Nxd1 (19... Qb3 $1 20. bxc3 Qxa3+ 21. Qa2 Qxc3+ 22. Qb2 dxe4 {usw.})
20. Qxd1 dxe4 21. Qxa4+ Bd7 $4 22. Qxd7+ Kf8 23. Qxc8+ Kg7 24. Qc3 Qb7 25. Qc4
e6 26. Rc1 exf3 27. Qc7 Qxc7 28. Rxc7 Rf8 29. Nxf3 Rd8 30. Nc2 Ra8+ 31. Kb1 g5
32. hxg5 hxg5 33. Ne5 Bxe5 34. dxe5 Ra5 35. g4 Rxe5 36. Rc4 Kg6 37. b4 f5 38.
gxf5+ Rxf5 39. Rc6 Re5 40. Nd4 g4 41. b5 g3 42. Rc8 Kf7 43. b6 g2 44. Rc1 Rc5
45. Rg1 Rg5 46. b7 Rg8 47. Rxg2 Rxg2 48. b8=Q Rg1+ 49. Kc2 Rg2+ 50. Kd3 Rg8 51.
Qe5 Re8 52. Ke4 Re7 53. Kf4 Kg6 54. Qg5+ Kf7 55. Ke5 Ke8 56. Qg8+ Kd7 57. Nxe6
Re8 58. Qf7+ Re7 59. Qg8 Re8 60. Qh7+ Re7 61. Qd3+ Ke8 62. Qd8+ Kf7 63. Qf8+
Kg6 64. Qxe7 Kh6 65. Qf6+ Kh5 66. Qg5# 1-0

[Event "FSV-ch 2010"]
[Site "Dortmund"]
[Date "2010.05.27"]
[Round "6.23"]
[White "Rüttiger, Volker"]
[Black "Wangrin, Stefan A"]
[Result "1/2-1/2"]
[WhiteElo "1249"]
[BlackElo "1063"]
[PlyCount "115"]
[EventDate "2010.??.??"]

1. e4 c6 2. d4 d5 3. Nc3 e6 4. Be3 Nd7 5. Bd3 Bb4 6. Nge2 Ne7 7. O-O Bxc3 8.
Nxc3 dxe4 9. Bxe4 Nf6 10. Bf3 Ng6 11. Ne2 Nh4 12. Nf4 Nxf3+ 13. Qxf3 Nd5 14.
Nxd5 Qxd5 15. Qg3 g6 16. Qh4 (16. c4 $3 Qxc4 17. d5 cxd5 (17... exd5 $4 18.
Qe5+) (17... Qxd5 $4 18. Rfd1 Qa5 19. Qd6 $1 $18) (17... O-O 18. Bh6 cxd5 (
18... Rd8 19. Qe5 {nebst Matt}) 19. Rac1 Qd4 20. Bxf8 Kxf8 21. Qd6+ Kg7 22. Qd8
$18) (17... Bd7 18. Qe5 Rg8 (18... O-O 19. Qf6 $1 $18) (18... O-O-O 19. Bxa7
Be8 20. Bb6 Rd7 21. Qxh8 {usw.}) 19. Qf6 Qb4 (19... Qxd5 $2 20. Bg5 Qc5 21.
Rfd1 h6 22. Rxd7 Kxd7 23. Qxf7+) 20. d6 $1 Qxd6 21. Bg5 {und Weiss gewinnt!})
18. Rac1 Qa6 19. Rc7 Bd7 (19... O-O 20. Bh6 Rd8 21. Qe5 {nebst Matt}) 20. Rfc1
Rd8 21. Rxd7 Rxd7 (21... Kxd7 22. Rc7+ Ke8 23. Qe5 $18) 22. Rc8+ Rd8 (22... Ke7
23. Bc5+ Kf6 24. Bd4+ Ke7 25. Qg5+ f6 (25... Kd6 26. Bc5#) 26. Qxf6+ Kd6 27.
Bc5#) 23. Qc7 O-O 24. Rxd8 Qa4 25. Rxf8+ Kxf8 26. Bh6+ Ke8 {usw. Weiss gewinnt!
}) 16... Qf5 17. c3 h5 18. Bg5 Qg4 19. a4 a5 20. Rfe1 Kd7 21. c4 Qxh4 22. Bxh4
f5 23. Ra3 (23. Re5 Re8 24. Rae1 b6 25. d5 $16) 23... b6 24. Bg3 Ba6 25. Rc3 c5
26. d5 (26. dxc5 bxc5 27. Rd3+ Ke7 (27... Kc6 $4 28. Rxe6+ Kb7 29. Re7+ Kc8 30.
Rc7+ Kb8 31. Rb3+ Bb7 32. Rbxb7#) 28. Bh4+ Kf8 29. b3 Bc8 30. Re5 {
usw. Weiss gewinnt.}) 26... exd5 27. cxd5 Rae8 28. Rce3 Rxe3 29. Rxe3 Re8 30.
Rxe8 Kxe8 31. Bc7 b5 32. axb5 Bxb5 33. Bxa5 Kd7 34. f3 Kd6 35. Kf2 Kxd5 36. Bc3
h4 37. Ke3 Ke6 38. Kf4 Bf1 39. g3 hxg3 40. hxg3 Be2 41. Ke3 Bb5 42. Kf2 g5 43.
Bd2 Kf6 44. Be3 c4 45. Bb6 Ke5 46. Bd8 g4 47. fxg4 fxg4 48. Ke3 Ba4 49. Kd2 Ke4
50. Kc3 Bb3 51. Kb4 Kd3 52. Kc5 Kc2 53. Bf6 Kd3 54. Kd6 Ke4 55. Ke7 Kf5 56. Bc3
Ke4 57. Kf6 Bd1 58. Ke6 1/2-1/2

[Event "FSV-ch 2010"]
[Site "Dortmund"]
[Date "2010.05.27"]
[Round "6.25"]
[White "Krüger, Inge"]
[Black "Griese, Andreas"]
[Result "1-0"]
[WhiteElo "1307"]
[BlackElo "1218"]
[PlyCount "53"]
[EventDate "2010.??.??"]

1. d4 d5 2. c4 e6 3. Nc3 Nf6 4. Bg5 Be7 5. Nf3 O-O 6. e3 Nbd7 7. cxd5 Nxd5 8.
Bxe7 Qxe7 9. Be2 a6 10. O-O b5 11. a3 Bb7 12. Rc1 c5 13. dxc5 Nxc5 14. b4 Nxc3
15. Rxc3 Ne4 16. Rc2 Rac8 17. Qc1 Rxc2 18. Qxc2 Rc8 19. Qb2 f5 20. Bd1 Bd5 21.
Bb3 Bxb3 22. Qxb3 Rc3 23. Qa2 Kf7 24. Nd4 Kf6 25. Re1 Nd6 26. Qb2 Rc4 27. Nc6+
1-0

[Event "FSV-ch 2010"]
[Site "Dortmund"]
[Date "2010.05.27"]
[Round "6.26"]
[White "Reker, Gerhard"]
[Black "Riepe, Markus"]
[Result "0-1"]
[WhiteElo "758"]
[BlackElo "852"]
[PlyCount "56"]
[EventDate "2010.??.??"]

1. e4 Nf6 2. Nc3 e6 3. d4 b6 4. Nf3 Bb7 5. Bd3 d5 6. exd5 exd5 7. O-O Bd6 8.
Re1+ Kd7 9. Bf5+ Kc6 10. Qd3 (10. Ne5+ $1 Bxe5 11. dxe5) 10... Ba6 11. Qe3 Re8
12. Ne5+ Kb7 13. Nxf7 $1 Qe7 (13... Rxe3 14. Nxd8#) 14. Ng5 (14. Qxe7 $1 Bxe7
15. Rxe7 Rxe7 16. Nd8#) 14... Nc6 15. Bxh7 $2 Nxd4 (15... Bxh2+ $1) 16. Bd2
Nxc2 17. Bxc2 (17. Qxe7 $1 Rxe7 18. Bxc2) 17... Qe5 (17... Bxh2+ $1) 18. g3 d4
19. Qf3+ Ne4 20. Bxe4+ Kb8 21. Bxa8 Rf8 22. Nf7 (22. Qxf8+ Bxf8 23. Rxe5) (22.
Rxe5) 22... Qf6 23. Ng5 dxc3 24. Ne4 Qxf3 25. Nxd6 Qxf2+ 26. Kh1 Kxa8 27. Ne4
Bb7 28. Rf1 Bxe4# 0-1